000 00842cam a2200253I 4500
001 47792
005 20230410105506.0
008 791203s1966 sp b 000 0 spa
035 _a(OCoLC)5755883
041 _aspa
050 1 4 _aHC 407
_bL347e 1966
100 1 _aLasserre, Georges,
_d1902-
245 1 3 _aLa empresa socialista en Yugoslavia :
_bgestión obrera, cooperativas, gestión social /
_cGeorges Lasserre ; versión castellana de José Verdura.
260 _aBarcelona :
_bEditorial Nova Terra,
_c1966.
300 _a187 p.
_c22 cm.
440 0 _aSíntesis,
_v20.
504 _aBibliography
500 _aTraducido de: L’entreprise socialiste en Yougoslavie.
651 0 _aYugoslavia
_xEconomic policy.
651 0 _aYugoslavia
_xSocial policy.
700 1 _aVerdura, José,
_etr.
942 _2lcc
_cbk
994 _aC0
_bDRFGD
999 _c37827
_d37827